Statistics for Canada Geography by Letter - A

Click here to take the quiz!

General Stats

  • This quiz has been taken 11 times
  • The average score is 3 of 15

Answer Stats

HintAnswer% Correct
Banff's ProvinceAlberta
100%
Northern Region where the above is locatedArctic
55%
Large lake in Northern AlbertaAthabasca
36%
Region consisting of the four easternmost provincesAtlantic Canada
36%
Large island in the Gulf of St. LawrenceAnticosti
27%
BC city known for its agriculture industry and annual airshowAbbottsford
18%
City just north of CalgaryAirdrie
18%
Northernmost continuously inhabited place in the worldAlert
18%
Large park in Ontario known for forests, lakes, and outdoor recreationAlgonquin
9%
Home of St. Francis Xavier UniversityAntigonish
9%
Major river in Saskatchewan & ManitobaAssiniboine
9%
University in Wolfville, Nova ScotaAcadia
0%
Eastern Toronto suburb along Lake OntarioAjax
0%
Town near Lac Saint-JeanAlma
0%
Lively Toronto west-end neighborhoodAnnex
0%

Score Distribution

Percentile by Number Answered

Percent of People with Each Score

Your Score History

You have not taken this quiz